LEADER 01192cam2 22002771 450 001 SOBE00043856 005 20140619075213.0 010 $a1872501125 100 $a20140619h2004 |||||ita|0103 ba 101 $aeng 102 $aGB 200 1 $a<<9.3: >>Ancient roman topography and architecture. 3, Dal Pozzo accessions in the later seventeenth century and miscellaneous earlier drawnings / by Ian Campbell ; with contributions by Lynda Fairbairn 210 $aLondon$cHarvey Miller Publishers$dc2004 215 $aP. 769-1061 $cill. $d28 cm 461 1$1001E600200014897$12001 $aA: Antiquities and Architecture 700 1$aCampbell$b, Ian$3A600200033907$4070$0545195 702 1$aFairbairn, Lynda$3SOBA00010155$4070 801 0$aIT$bUNISOB$c20140619$gRICA 850 $aUNISOB 852 $aUNISOB$j700$m127491 912 $aSOBE00043856 940 $aM 102 Monografia moderna SBN 941 $aM 957 $a700$b003814$i-3$gSI$d127491$1rovito$2UNISOB$3UNISOB$420140619075219.0$520140619075247.0$6rovito 996 $aAncient roman topography and architecture. 3, Dal Pozzo accessions in the later seventeenth century and miscellaneous earlier drawnings$91711285 997 $aUNISOB LEADER 01455nam0 22003131i 450 001 UON00327654 005 20231205104207.208 010 $a978-90-04-16991-3 100 $a20090724d2008 |0itac50 ba 101 $aeng 102 $aNL 105 $a|||| ||||| 200 1 $aOrality, Literacy, Memory in the Ancient Greek and Roman World$e(Orality and Literacy in Ancient Greece, vol. 7)$fed. E. Anne Mackay 210 $aLieden$aBoston$cBrill$d2008 215 $a281 p.$d24 cm 410 1$1001UON00100619$12001 $aMnemosyne$eBibliotheca classica Batava. Supplementum$fcollegerunt A.D. Leeman... [et al.]$v298 410 1$1001UON00332498$12001 $aMnemosyne. Supplements$eMonographs on Greek and Roman Language and Literature$fed. G. J. Boter$bet al.]$v298 606 $aSCRITTURA E TRADIZIONE ORALE$xStoria$xAntichita'$3UONC073124$2FI 620 $aUS$dBoston$3UONL000139 620 $aNL$dLeiden$3UONL003056 676 $a880.2$cLETTERATURA GRECA - MED. E BIZ.$v21 702 1$aMACKAY$bAnne E.$3UONV181172 712 $aBrill$3UONV245886$4650 801 $aIT$bSOL$c20240220$gRICA 899 $aSIBA - SISTEMA BIBLIOTECARIO DI ATENEO$2UONSI 912 $aUON00327654 950 $aSIBA - SISTEMA BIBLIOTECARIO DI ATENEO$dSI R 0096 $eSI MC 32565 5 996 $aOrality, Literacy, Memory in the Ancient Greek and Roman World$91369085 997 $aUNIOR